| 000 | 00456nam a2200145 i 4500 | ||
|---|---|---|---|
| 001 | 21986 | ||
| 003 | ES-MaACL | ||
| 007 | t| | ||
| 008 | 021129s1939 gw ||||1| spa d | ||
| 245 | 0 | 0 |
_aAlemania y el Mundo Ibero-Americano _b: = Alemanha e o Mundo Ibero-Americano. |
| 260 |
_aBerlín : _b[s.n., _c1939] ( _fOtto Stollgerg) |
||
| 300 |
_a185 p., 2 lám. ; _c23 cm. |
||
| 740 | 0 | _aAlemanha e o Mundo Ibero-Americano. | |
| 852 |
_aES-MaACL _jB-9539 _bR.19069 |
||
| 999 |
_c21986 _d21986 |
||